000 00429 a2200169 4500
001 066682
003 OSt
005 20211006105615.0
008
082 _a001.42
_bP56M
100 1 _aPhophalia, Ashok Kumar
245 1 _aModern research methodology
_cby Ashok Kumar Phophalia
260 _aJaipur
_bParadise
_c2010
300 _a298p.
690 _aResearch--Methodology
942 _2ddc
_cBK
999 _c697
_d697